[Event "-chT Youth Countries 2019"]
[Site "Wuerzburg"]
[Date "2019.10.05"]
[Round "6.2"]
[White "Niermann, Tristan"]
[Black "Karsay, Pascal"]
[Result "1-0"]
[WhiteElo "2227"]
[BlackElo "2276"]
[Annotator "TA"]
[PlyCount "83"]
[EventDate "2019.10.02"]
[EventType "team-tourn"]
[EventRounds "7"]
[EventCountry "GER"]
[SourceTitle "playchess.com"]
[Source "ChessBase"]
[SourceQuality "1"]
[WhiteTeam "Nordrhein-Westfalen"]
[BlackTeam "Rheinland-Pfalz"]

{[%evp 17,83,12,24,24,14,25,14,10,16,13,15,25,12,33,19,9,26,0,0,0,0,-3,49,0,68,61,106,98,768,99,89,89,126,118,118,114,131,83,89,81,158,150,192,109,114,88,79,82,344,0,0,0,0,0,0,0,0,0,0,0,769,416,800,802,812,793,779,753]} 1. d4 Nf6 2. c4 e6 3. g3 d5 4. Nf3 Bb4+ 5. Bd2 Be7 6. Bg2 O-O 7. O-O Nbd7 8. Qc2 c6 9. Bf4 a5 10. Rd1 {E08: Closed Catalan: Main Line: 7 Qc2} (10. a3 Nh5 11. Bd2 Nhf6 12. Bf4 Nh5 13. Bd2 Nhf6 14. Bf4 Nh5 15. Bd2 {½-½ (15) Batchuluun,T (2535)-Motylev,A (2654) Changsha 2019}) 10... b6 11. Ne5 Nxe5 12. dxe5 {The position is equal.} Nd7 13. cxd5 cxd5 14. e4 d4 $1 15. Rxd4 g5 16. Bc1 Qe8 17. Nc3 $146 ({Predecessor:} 17. Qc6 Rb8 {½-½ (78) Olsen,F (2355)-Keymer,V (2466) Bad Blankenburg 2018}) 17... Ba6 18. Rd1 Nxe5 19. Be3 Qc6 (19... Qb8 $11) 20. Bd4 Qc7 ({Better is} 20... f6 $11) 21. Rac1 $14 {Strongly threatening Nd5!} Rac8 22. Nd5 $1 {[%cal Rd5c7][%mdl 64] Double Attack} Qb7 $2 {[%mdl 8192] [#]} (22... Qd7 $16 23. Qd2 (23. Nxe7+ Qxe7 24. Qb3 Nd7 $16) 23... exd5 24. Bxe5 Qe6 25. Qxd5 Be2) 23. Nxe7+ $2 (23. Qxc8 $1 $18 {[%mdl 512] is the precise move to win.} Rxc8 (23... Qxc8 24. Nxe7+) 24. Rxc8+ Bf8 25. Rc7 (25. Bxe5 Qxc8 26. Nf6+ Kg7 $15) 25... Qxc7 26. Nxc7) 23... Qxe7 $16 24. Qb3 Nc4 25. Qf3 {Bf6 is the strong threat.} (25. Bxb6 $6 Rb8 $11) 25... e5 26. Bc3 Rfd8 27. Qh5 Rxd1+ 28. Rxd1 b5 ({Black should try} 28... Rc6) 29. Bh3 Rc6 30. Bf5 ({White should play} 30. Rd7 $18 Qf6 31. Bf5) 30... h6 31. b3 b4 32. Ba1 $1 (32. bxc4 $2 bxc3 33. Rc1 Qa3 $1 $19 {[%mdl 512]}) 32... Na3 $2 {[%mdl 8192]} (32... Nd6 $16) 33. Rd7 $2 (33. h4 $18 Bc8 34. Bxc8 Rxc8 35. Qxh6) 33... Rc1+ $11 34. Kg2 Bf1+ 35. Kf3 Qf6 36. Bxe5 $40 {[%mdl 128] Black needs to defend precisely.} Rc3+ $1 37. Kg4 (37. Bxc3 $2 Qxc3+ 38. Kg4 Be2+ 39. Kh3 Bxh5 $19) 37... Be2+ 38. f3 $1 Bxf3+ $2 {[%mdl 8192] [#]} (38... Rxf3 $11 39. Kh3 (39. Bxf6 $2 {is a self mate.} Rf4+ 40. Kh3 Bf1#) 39... Bf1+ 40. Kg4 Be2) 39. Kh3 $1 $18 {[%mdl 512]} Bxh5 ({Inferior is} 39... Qxf5+ 40. exf5 Bg2+ 41. Kxg2 Rc2+ {[#]} 42. Kh3 $1 {[%mdl 512]} g4+ 43. Qxg4+ Kf8 44. Qg7+ $1 {[%mdl 576] Double Attack} Ke8 45. Qxf7#) (39... Be2 $142 40. Kg2 (40. Bxf6 Bf1+ 41. Kg4 Be2+ 42. Kh3 Bf1+ 43. Kg4 Be2+ 44. Kh3 $11) 40... Bxh5 41. Bxf6 Rc2+ 42. Kg1 Rc1+ 43. Kf2 Rc2+ 44. Ke3 Rc8) 40. Bxf6 {[%cal Rd7d8] White is clearly winning.} Rc8 41. e5 Nc2 42. Rd6 {Played: Rd7-d2} 1-0

[Event "-chT Youth Countries 2019"]
[Site "Wuerzburg"]
[Date "2019.10.05"]
[Round "6.2"]
[White "Knuedel, Torben"]
[Black "Koelle, Tobias"]
[Result "0-1"]
[WhiteElo "2193"]
[BlackElo "2281"]
[Annotator "TA"]
[PlyCount "74"]
[EventDate "2019.10.02"]
[EventType "team-tourn"]
[EventRounds "7"]
[EventCountry "GER"]
[SourceTitle "playchess.com"]
[Source "ChessBase"]
[SourceQuality "1"]
[WhiteTeam "Niedersachsen"]
[BlackTeam "Württemberg"]

{[%evp 23,82,17,24,16,46,18,9,16,6,8,106,100,98,97,83,63,64,63,75,60,64,48,63,38,48,28,43,-10,51,28,62,22,56,0,0,-172,-191,-572,-539,-556,-564,-820,-814,-812,-754,-931,-757,-1737,-1734,-1702,-1735,-1727,-1725,-1703,-1670,-1556,-1556,-2055,-2007,-1559,-1504]} 1. e4 e5 2. Nf3 Nc6 3. Bb5 a6 4. Ba4 Nf6 5. O-O Nxe4 6. d4 b5 7. Bb3 d5 8. dxe5 Be6 9. Nbd2 {[%cal Bb1d2,Bd2b3,Bb3d4][%mdl 32]} Be7 10. c3 O-O 11. Bc2 f5 12. Nb3 Qd7 13. Nbd4 {C83: Open Ruy Lopez: 9 c3 Be7} (13. Nfd4 Nxd4 14. Nxd4 c5 15. Ne2 Rad8 16. f3 Ng5 17. Be3 d4 18. cxd4 cxd4 19. Nxd4 Bc5 20. Bxg5 Bxd4+ 21. Kh1 Rde8 22. Bb3 Bxb3 23. Qxb3+ {1-0 (46) Svidler,P (2739)-Vitiugov,N (2734) Moscow 2019}) 13... Nd8 14. Nxe6 (14. Bb3 $5 {[%cal Rd4e6]} c6 15. Ne1 $14) 14... Nxe6 15. Nd4 {The position is equal.} Nxd4 $146 ({Predecessor:} 15... c5 16. Nxf5 Rxf5 17. Bxe4 Rxe5 18. Bc2 g5 19. Qg4 c4 20. f4 Rf8 21. fxe5 {1-0 (33) Djukic,N (2574)-Sanal,V (2490) Skopje 2018}) 16. cxd4 Rad8 (16... c5 $11) 17. f3 $16 Ng5 18. Bxg5 Bxg5 19. Qd3 g6 20. f4 Be7 21. Bb3 Rc8 22. Rac1 c6 23. Qf3 {Rxc6! is the strong threat.} Kg7 24. Qc3 Qa7 25. Rfd1 ({White should try} 25. Kh1 $14) 25... Rfd8 (25... c5 $11) 26. Kh1 Rc7 27. a4 Rdc8 28. Qa5 ({Better is} 28. a5 $14) 28... b4 29. g3 $2 {[#]} (29. Rc2 $1 $11 {and White stays safe.}) 29... Qb7 $1 $19 30. Rc2 $2 (30. e6) 30... c5 {Black is clearly winning.} 31. dxc5 Rxc5 32. Rdc1 {[%cal Rc2c5]} Rxa5 33. Rxc8 Qb6 34. R8c7 Kf8 35. R1c6 Qf2 {[%cal Rf2f1]} 36. h4 Rc5 37. Rc8+ Kf7 {Played: Kf8-g7} 0-1

[Event "-chT Youth Countries 2019"]
[Site "Wuerzburg"]
[Date "2019.10.05"]
[Round "6.2"]
[White "Nguyen, Alex Dac-Vuong"]
[Black "Schmider, Niklas"]
[Result "1/2-1/2"]
[WhiteElo "2128"]
[BlackElo "2261"]
[Annotator "TA"]
[PlyCount "83"]
[EventDate "2019.10.02"]
[EventType "team-tourn"]
[EventRounds "7"]
[EventCountry "GER"]
[SourceTitle "playchess.com"]
[Source "ChessBase"]
[SourceQuality "1"]
[WhiteTeam "Sachsen"]
[BlackTeam "Baden 1"]

{[%evp 13,83,7,15,25,7,0,0,0,0,7,31,6,5,8,25,0,26,-8,-8,-12,0,0,0,-70,-24,-41,13,-55,-49,-45,-44,-62,-60,-58,92,97,83,113,84,76,86,83,135,108,102,58,58,66,58,58,68,58,66,65,66,72,93,84,102,0,0,0,0,0,0,0,0,0,0,0,0,0]} 1. e4 c5 2. Nf3 d6 3. d4 cxd4 4. Nxd4 Nf6 5. f3 e5 6. Nb3 Be6 7. c4 Nbd7 (7... Nxe4 $6 8. fxe4 Qh4+ 9. Kd2 $16) 8. Nc3 {B55: Sicilian: 2...d6 3 d4 cxd4 4 Nxd4 Nf6 5 f3} (8. Be3 b5 9. Na3 a6 10. cxb5 d5 11. bxa6 dxe4 12. Bb5 Nd5 13. Bc5 Nf4 14. O-O Bxb3 15. Qxd7+ Qxd7 16. Bxf8 Rxf8 17. axb3 Rxa6 18. Bxd7+ Kxd7 {½-½ (27) Vitiugov,N (2721)-Duda,J (2710) Czech Republic 2018}) 8... Rc8 9. Be3 Bxc4 10. Bxc4 Rxc4 11. Qd3 Rc6 12. O-O-O {[%mdl 1024] White has compensation.} h5 13. Kb1 Be7 14. h4 $146 ({Predecessor:} 14. h3 h4 15. Rc1 Nc5 16. Nxc5 dxc5 {½-½ (31) Tyulenko,Y (2423)-Laghetti,G (2457) ICCF email 2015}) 14... g6 15. Qe2 ({Much weaker is} 15. Bxa7 b6 $15) 15... a6 16. Bf2 b5 17. g4 $1 {[%cal Rg4g5] With the idea g5.} Nb6 18. Ka1 (18. Bxb6 $11 Qxb6 19. g5) 18... Nfd7 19. Rd3 Kf8 (19... b4 $15 20. Nd5 Nxd5 21. exd5 Rc8) 20. Nd5 (20. g5 $11) 20... Nxd5 $15 21. exd5 Rc4 {...hxg4 is the strong threat.} 22. Nd2 $1 {[%cal Rd2c4]} Rc2 23. Kb1 Qc7 (23... Qc8 $15) 24. Qd1 $16 {[#]} Rc5 $1 {[%mdl 512]} 25. Bxc5 Nxc5 26. Rc3 {Hoping for b4.} Qd7 {[#]} 27. g5 $1 Qf5+ ({Black should try} 27... Bd8) 28. Qc2 Qf4 29. Rh3 Qd4 30. Ne4 Qxd5 31. Nxc5 dxc5 32. Rh1 c4 33. Rd1 Qe6 34. Qe4 Bc5 35. Rc2 Kg7 36. Rd5 (36. Qd5 $16 Bd4 37. Qxe6 fxe6 {[#]} 38. f4 $1 {[%mdl 512]}) 36... Bd4 $1 $11 {The position is equal.} 37. f4 {[%cal Rf4e5]} Qg4 {[%mdl 64] Double Attack} 38. Re2 Qg1+ ({Inferior is} 38... Qxh4 39. fxe5 Qxe4+ 40. Rxe4 $16) 39. Re1 Qf2 {[%csl Gd4][%cal Rf2b2]} 40. Re2 Qg1+ ({But not} 40... Qxh4 $6 41. fxe5 Qxe4+ 42. Rxe4 $16) 41. Re1 Qf2 {[%csl Gd4][%cal Rf2b2]} 42. Re2 {Accuracy: White = 57%, Black = 61%.} 1/2-1/2

[Event "-chT Youth Countries 2019"]
[Site "Wuerzburg"]
[Date "2019.10.05"]
[Round "6.2"]
[White "Schallner, Marc"]
[Black "Ratay, Meike"]
[Result "1-0"]
[WhiteElo "2027"]
[BlackElo "2032"]
[Annotator "NA"]
[PlyCount "57"]
[EventDate "2019.10.02"]
[EventType "team-tourn"]
[EventRounds "7"]
[EventCountry "GER"]
[SourceTitle "playchess.com"]
[Source "ChessBase"]
[SourceQuality "1"]
[WhiteTeam "Team Süd"]
[BlackTeam "Thüringen"]
[TimeControl "40/5400+30:1800+30"]

1. e4 {[%emt 0:00:00]} c5 {[%emt 0:00:00]} 2. Nf3 {[%emt 0:00:00]} d6 {[%emt 0:00:00]} 3. d4 {[%emt 0:00:00]} Nf6 {[%emt 0:00:00]} 4. Nc3 {[%emt 0:00:00]} cxd4 {[%emt 0:00:00]} 5. Nxd4 {[%emt 0:00:00]} a6 {[%emt 0:00:00]} 6. Be3 {[%emt 0:00:13]} e5 {[%emt 0:00:00]} 7. Nf3 {[%emt 0:00:09]} Be7 {[%emt 0:03:27]} 8. Bc4 {[%emt 0:00:41]} O-O {[%emt 0:02:15]} 9. O-O {[%emt 0:00:28]} Be6 {[%emt 0:05:41]} 10. Bxe6 {[%emt 0:03:13]} fxe6 {[%emt 0:00:04]} 11. Na4 {[%emt 0:00:12]} b5 12. Nb6 {[%emt 0:01:30]} Ra7 {[%emt 0:15:46]} 13. Ng5 {[%emt 0:01:41]} Qe8 {[%emt 0:10:55]} 14. Nxe6 {[%emt 0:07:03]} Rf7 {[%emt 0:00:06]} 15. Nd5 {[%emt 0:10:52]} Rd7 {[%emt 0:03:31]} 16. Nec7 {[%emt 0:04:57]} Qc8 {[%emt 0:09:28]} 17. Nxf6+ {[%emt 0:01:51]} Bxf6 {[%emt 0:03:09]} 18. Nd5 {[%emt 0:01:39]} Qb7 {[%emt 0:02:03]} 19. a4 {[%emt 0:04:53]} b4 {[%emt 0:02:36]} 20. c3 {[%emt 0:21:47]} Nc6 {[%emt 0:07:40]} 21. Qd2 {[%emt 0:14:40]} bxc3 {[%emt 0:02:41]} 22. bxc3 {[%emt 0:00:18]} Bd8 {[%emt 0:08:01]} 23. Rab1 {[%emt 0:01:50]} Qc8 {[%emt 0:00:56]} 24. Qd3 {[%emt 0:01:24]} Ne7 {[%emt 0:05:02]} 25. Nb6 {[%emt 0:08:20]} Bxb6 {[%emt 0:00:08]} 26. Rxb6 {[%emt 0:00:06]} d5 {[%emt 0:01:33]} 27. Qxa6 {[%emt 0:00:36]} Qxc3 {[%emt 0:02:36]} 28. Rb8+ {[%emt 0:00:36]} Rf8 {[%emt 0:00:48]} 29. Qe6+ {[%emt 0:00:13] normal} 1-0

[Event "-chT Youth Countries 2019"]
[Site "Wuerzburg"]
[Date "2019.10.05"]
[Round "6.3"]
[White "Richter, Nils"]
[Black "Stelmaszyk, Nico"]
[Result "1/2-1/2"]
[WhiteElo "2213"]
[BlackElo "2190"]
[Annotator "TA"]
[PlyCount "101"]
[EventDate "2019.10.02"]
[EventType "team-tourn"]
[EventRounds "7"]
[EventCountry "GER"]
[SourceTitle "playchess.com"]
[Source "ChessBase"]
[SourceQuality "1"]
[WhiteTeam "Württemberg"]
[BlackTeam "Niedersachsen"]

{[%evp 9,101,24,45,27,35,17,46,22,16,15,17,0,6,-27,-22,-27,-29,-40,-11,-11,-9,-30,-14,-67,29,27,29,23,81,2,6,6,6,6,116,35,56,39,41,34,61,71,76,14,16,0,183,56,154,96,129,108,158,172,168,166,166,168,155,153,171,130,144,129,136,129,129,122,114,104,118,100,88,61,70,60,63,65,96,0,0,-7,-7,-7,-7,-7,-8,-8,-8,-8,-8,-8,0,-10]} 1. e4 e5 2. Nf3 Nc6 3. Bb5 a6 4. Ba4 b5 5. Bb3 g6 6. d4 {C70: Ruy Lopez: 3...a6 4 Ba4, Norwegian and Delayed Schliemann} exd4 7. Nxd4 Na5 8. O-O {White is slightly better.} Bg7 9. Nc3 $146 ({Predecessor:} 9. Re1 Ne7 10. e5 O-O 11. Bg5 c5 12. Bd5 Rb8 13. Nb3 Nxb3 14. axb3 {0-1 (31) Kramnik,V (2792)-Mamedyarov,S (2808) Paris 2018}) 9... Ne7 10. Nf3 O-O (10... Bb7 {with more complications.} 11. Bg5 Nxb3 12. axb3 O-O 13. Qd2 f6) 11. Nd5 Nxd5 12. exd5 c5 13. c3 Nxb3 14. axb3 d6 15. Re1 h6 16. b4 (16. h3 $11) 16... Bg4 ({Black should play} 16... cxb4 $15 17. cxb4 Qf6) 17. bxc5 $11 dxc5 18. h3 Bf5 (18... Bxf3 $11 {keeps the balance.} 19. Qxf3 a5) 19. Ne5 (19. Bf4 $16) 19... Re8 20. Nc6 Rxe1+ 21. Qxe1 Qe8 (21... Qd6 $11 {remains equal.}) 22. Be3 ({Better is} 22. Ne7+ $16 Kh7 23. Qe3) 22... Bd7 23. Na5 $1 Qe5 24. Qd2 Bf8 25. Bf4 (25. Bxh6 Bxh6 26. Qxh6 Qxd5 $11) 25... Qf5 26. Nb7 (26. Bxh6 $6 Bxh6 27. Qxh6 Qxd5 $11) (26. Nc6 $16) 26... Bc8 27. Na5 Ra7 $2 {[#]} (27... Bd7 $11 {and Black stays safe.}) 28. Rd1 ({And not} 28. Bxh6 Bxh6 29. Qxh6 Qxd5 $11) ({White must play} 28. Nc6 $1 $18 {[%cal Rc6a7]} Rd7 29. d6 (29. Bxh6 Qxd5 30. Qxd5 Rxd5 $11)) 28... Rd7 {[#]} (28... g5 $1 $14 29. Bg3 Ra8) 29. c4 ({Not} 29. Bxh6 Bxh6 30. Qxh6 Rxd5 $11) (29. d6 $142 $1) 29... bxc4 30. Nxc4 Rxd5 31. Qxd5 Qxf4 32. Nd6 Be6 33. Qxc5 Bg7 34. Qc1 Qb4 35. Qd2 Qxb2 36. Qxb2 Bxb2 $16 {[%mdl 4096] Endgame KRN-KB} 37. Nb7 Kg7 38. Nc5 Bc4 39. Rb1 Bf6 40. Rb8 Be7 41. Nb3 h5 42. g3 Kf6 43. Rb6+ Kg7 44. f4 (44. h4 $16) 44... a5 $1 $11 {...Bb4 is the strong threat.The position is equal.} 45. Nxa5 (45. Rb7 {is more complex.} Bb4 46. Nc1 Bd5 47. Rb8 h4 48. gxh4 Bc5+ 49. Kf1) 45... Bc5+ {[%mdl 64] Double Attack} 46. Kh2 {Strongly threatening Rc6.} Bxb6 47. Nxc4 Bc7 48. Ne3 {[#]} h4 $1 {[%mdl 512]} 49. Nd5 (49. gxh4 Bxf4+) 49... hxg3+ 50. Kxg3 Bd6 51. Kf3 {Accuracy: White = 36%, Black = 56%.} 1/2-1/2

[Event "-chT Youth Countries 2019"]
[Site "Wuerzburg"]
[Date "2019.10.05"]
[Round "6.3"]
[White "Musiolik, David"]
[Black "Gallasch, Jonas"]
[Result "1-0"]
[WhiteElo "2195"]
[BlackElo "2099"]
[Annotator "TA"]
[PlyCount "38"]
[EventDate "2019.10.02"]
[EventType "team-tourn"]
[EventRounds "7"]
[EventCountry "GER"]
[SourceTitle "playchess.com"]
[Source "ChessBase"]
[SourceQuality "1"]
[WhiteTeam "Rheinland-Pfalz"]
[BlackTeam "Nordrhein-Westfalen"]

{[%evp 9,38,15,20,10,21,23,20,-3,0,-10,-9,-15,133,-25,76,-17,107,74,128,122,133,122,449,422,681,672,641,622,832,824,739]} 1. e4 c6 2. Nc3 d5 3. Nf3 Nf6 4. e5 Ne4 5. Ne2 Qb6 {[%csl Ge4][%cal Rb6f2]} 6. d4 $1 {B11: Caro-Kann: Two Knights Variation} e6 7. Ng3 c5 8. Bd3 {The position is equal.} Nxg3 $1 9. fxg3 cxd4 10. O-O {Threatens to win with Ng5.} Be7 (10... Nc6 $11 {remains equal.}) (10... h6 11. a3 Nc6 12. b4 a6 13. g4 Be7 14. Qe1 Bd7 15. Rb1 Na7 16. Bb2 Nb5 17. Qf2 O-O 18. a4 Nc7 19. Bxd4 {1-0 (19) Vachier Lagrave,M (2774)-Wei,Y (2721) chess.com INT 2019}) 11. Qe2 $2 ({Better is} 11. Ng5 $16 Bxg5 12. Bxg5) 11... Nc6 (11... h6 $1 $11 {keeps the balance.}) 12. a3 $146 (12. Ng5 $16 Bxg5 13. Bxg5) ({Predecessor:} 12. Ng5 Nxe5 13. Qxe5 {1-0 (26) Forcen Esteban,D (2528)-Cruz Lledo,P (2432) Las Palmas 2017}) 12... a5 (12... h6 $11) 13. Ng5 $36 {[%mdl 2048] Keeping Black busy.} Bxg5 (13... Nd8 $142) 14. Bxg5 {Strongly threatening Rxf7!} Qc7 {[#]} 15. Qh5 $1 g6 $2 {[%mdl 8192]} (15... b6 $16 {is tougher.}) 16. Qh6 $18 {White is clearly winning.} f5 (16... b6 $142 17. Bf6 Rf8) 17. exf6 Qf7 {[#]} 18. Bxg6 $1 {[%mdl 512]} hxg6 (18... Qxg6 19. f7+) 19. Qxh8+ Kd7 {Accuracy: White = 48%, Black = 26%.} 1-0

[Event "-chT Youth Countries 2019"]
[Site "Wuerzburg"]
[Date "2019.10.05"]
[Round "6.3"]
[White "Tschernatsch, Johannes"]
[Black "Weber, Samuel"]
[Result "0-1"]
[WhiteElo "2132"]
[BlackElo "2288"]
[Annotator "TA"]
[PlyCount "134"]
[EventDate "2019.10.02"]
[EventType "team-tourn"]
[EventRounds "7"]
[EventCountry "GER"]
[SourceTitle "playchess.com"]
[Source "ChessBase"]
[SourceQuality "1"]
[WhiteTeam "Brandenburg/Berlin"]
[BlackTeam "Hessen"]

{[%evp 18,134,35,14,27,24,29,0,0,0,10,0,18,21,13,8,36,6,52,0,0,0,0,0,0,0,0,0,31,0,0,-2,31,8,9,-5,-1,-4,0,-10,-3,-44,-36,-46,-15,-52,-27,-32,-15,-24,-7,-7,-7,-7,-7,-7,-7,-33,-35,-64,-5,-10,0,-8,0,0,0,-5,0,0,0,0,0,0,0,0,0,0,0,0,0,0,0,0,0,0,0,-8,0,0,0,0,0,0,0,0,0,-497,-497,-876,-696,-29954,-5073,-29971,-29967,-29966,-29967,-29977,-29978,-29978,-29979,-29979,-29980,-29981,-29982,-29981,-29982,-29987,-29974]} 1. e4 e5 2. Nf3 Nc6 3. Bb5 a6 4. Ba4 Nf6 5. O-O Be7 6. Re1 b5 7. Bb3 d6 8. c3 O-O 9. h3 Nb8 10. d3 Nbd7 {C94: Closed Ruy Lopez: Breyer Variation with 10 d3} 11. a4 (11. Nbd2 h6 12. Nf1 Re8 13. Ng3 Bf8 14. Be3 Bb7 15. Nh2 Nc5 16. Bc2 d5 17. Qf3 a5 18. Rad1 Ne6 19. Nf5 {0-1 (52) Onischuk,V (2637)-Kovalev,V (2649) Riga 2019}) 11... Bb7 12. axb5 axb5 {The position is equal.} 13. Rxa8 Bxa8 14. Nbd2 Re8 15. Nf1 Bf8 16. Ng3 $146 ({Predecessor:} 16. Be3 d5 17. Ng3 c5 18. Ba2 Qa5 19. Bb1 dxe4 20. dxe4 {½-½ (41) Pagerka,M (2260)-Sosovicka,J (2149) Frydek Mistek 2011}) 16... g6 17. Be3 c5 18. Qd2 (18. Ng5 $1 $14 d5 19. exd5) 18... d5 19. exd5 Bxd5 20. Bxd5 Nxd5 21. Bh6 f6 22. h4 Re7 23. h5 (23. Bxf8 {keeps more tension.} Qxf8 24. h5 Re8 25. Nh4 Nf4 26. d4) 23... Bxh6 24. Qxh6 Qf8 (24... Nf4 {is more complex.} 25. d4 cxd4 26. cxd4 Qf8 27. Qxf8+ Kxf8 28. dxe5 Nxe5 29. Nxe5 Rxe5 30. Rxe5 fxe5 31. h6 Kf7) 25. Qxf8+ (25. Qd2 {feels hotter.} Re8 26. Qd1 Nf4 27. Qb3+ Qf7 28. Qxb5 Rb8 29. Qa6) 25... Kxf8 26. hxg6 hxg6 27. Ne4 f5 28. Nd6 b4 29. cxb4 Nxb4 30. Rd1 Kg7 31. Kf1 Kf6 32. Ke2 Re6 33. Nc4 Nb8 34. Nfd2 N8c6 35. Nb3 Nd4+ 36. Nxd4 cxd4 $11 {[%mdl 4096] Endgame KRN-KRN} 37. f3 Rc6 38. Rc1 Nd5 (38... Ke6 $15) 39. g3 Rc7 40. Kd2 Nb4 41. Re1 Rc5 42. Re2 g5 43. g4 fxg4 44. fxg4 Ke6 45. Re1 Nc6 46. Re2 Rb5 47. Rh2 Na5 48. Kc2 Nxc4 49. dxc4 {KR-KR} Rb4 50. Rh6+ Kd7 51. Kd3 Rxb2 52. Rg6 Rb3+ 53. Ke4 $1 Re3+ 54. Kd5 Kc7 {[#] ...d3 is the strong threat.} (54... d3 $5 55. Rg7+ $8 Kc8 $11) 55. Rg7+ Kb6 {aiming for ...d3.} 56. c5+ Ka6 {Threatens to win with ...d3.} 57. Kc6 $2 {[%mdl 8192]} (57. Rxg5 $11 {and White has nothing to worry.} d3 58. Rg6+ Ka5 59. Rd6) 57... d3 $19 58. Rg8 (58. Rxg5 $142 Re4 59. Kd5) 58... Ka5 59. Ra8+ Kb4 60. Kb6 Rh3 {Black mates.} 61. c6 Rh6 62. Kb7 Rh7+ 63. c7 d2 64. Rd8 Kc3 65. Rd6 e4 66. Rc6+ Kd3 67. Rh6 Rxc7+ {[%mdl 64] Promotion. Accuracy: White = 33%, Black = 57%.} 0-1

[Event "-chT Youth Countries 2019"]
[Site "Wuerzburg"]
[Date "2019.10.05"]
[Round "6.3"]
[White "Wu, Luka"]
[Black "Dahl, Christoph"]
[Result "1-0"]
[WhiteElo "2117"]
[BlackElo "2178"]
[Annotator "TA"]
[PlyCount "139"]
[EventDate "2019.10.02"]
[EventType "team-tourn"]
[EventRounds "7"]
[EventCountry "GER"]
[SourceTitle "playchess.com"]
[Source "ChessBase"]
[SourceQuality "1"]
[WhiteTeam "Baden 1"]
[BlackTeam "Sachsen"]

{[%evp 28,139,0,0,0,0,0,0,0,-14,-20,-15,-16,-12,-10,-24,0,0,0,-7,0,0,0,-11,34,0,25,-18,120,116,173,174,192,189,235,162,126,0,193,191,410,235,367,353,322,354,277,289,414,413,563,533,759,831,795,790,786,740,780,755,1101,1039,1391,1277,1020,934,2557,2047,2197,5392,12829,12827,1635,4690,2127,2105,2062,1663,12837,12837,12837,12838,12838,12839,12839,12838,12838,12837,12840,12838,12841,12842,12843,12843,12844,12845,12845,12845,12845,12843,12843,12843,12845,12843,12845,12843,12845,12845,12845,12845,12845,12845,12845,12845]} 1. e4 e5 2. Nf3 Nc6 3. Bb5 a6 4. Ba4 Nf6 5. O-O Nxe4 6. d4 b5 7. Bb3 d5 8. dxe5 Be6 9. c3 Bc5 10. Nbd2 O-O 11. Bc2 Nxf2 12. Rxf2 f6 13. exf6 Bxf2+ 14. Kxf2 Qxf6 15. Nf1 Ne5 {C82: Open Ruy Lopez: 9 c3 without 9...Be7} 16. Kg1 Nxf3+ 17. Qxf3 Qxf3 {The position is equal.} 18. gxf3 Rxf3 19. Be3 (19. Bg5 Bh3 20. Nd2 Rf7 21. Re1 Raf8 22. Be3 Re7 23. Bf2 Rxe1+ 24. Bxe1 {½-½ (42) Areshchenko,A (2677)-Zubarev,A (2548) Lvov 2015}) 19... Bh3 {Hoping for ...Bxf1.} 20. Bc5 $146 ({Predecessor:} 20. Bd4 Re8 21. Ng3 h5 22. Bg6 {1-0 (34) Young,D (2012)-Stockwell,M (2095) England 2017}) 20... Re8 {aiming for ...Re2.} 21. Ng3 $1 {[#]} h5 $1 {[%mdl 512] And now ...h4 would win.} 22. Bg6 ({Much weaker is} 22. Nxh5 Re2 $17) 22... Re5 {White must now prevent ...h4.} 23. Bd4 $132 {[%mdl 2048] White puts up resistance} Re6 24. Bxh5 Rd3 $1 25. b4 Rd2 26. a3 g6 27. Be2 (27. Bf3 $5 {[%cal Rf3d5]} c6 28. Nf1 $11) 27... Bf5 (27... Rdxe2 $11 {remains equal.} 28. Nxe2 Rxe2) 28. Bf1 $16 Be4 (28... Re8 $16) 29. Bh3 $18 Re7 30. Re1 Ra2 31. Bc5 Re5 32. Bd4 (32. Nxe4 $16 {Strongly threatening Nf6+.} Rxe4 33. Rxe4 Ra1+ 34. Re1 Rxe1+ 35. Kf2) 32... Re8 $2 (32... Re7 $1 $11) 33. Nxe4 dxe4 $2 (33... Rxe4 {is a better defense.} 34. Be6+ Kh7 35. Rxe4 {[%mdl 64] Pin} Ra1+ 36. Kf2 dxe4) 34. Bg2 (34. Bd7 $142 Re7 35. Bc6) 34... Rxa3 (34... Kh7 $142 35. Bxe4 Kh6 36. Be3+ Kh7) 35. Bxe4 {Threatens to win with Bd5+.} Kf8 36. Rf1+ Ke7 37. h4 Rg8 (37... a5 {keeps fighting.} 38. Bxg6 Rg8) 38. Bd5 Re8 39. Re1+ {White is clearly winning.} Kd8 40. Bf6+ Kd7 {[#]} 41. Bc6+ $1 {[%mdl 576] Skewer, Deflection} Kxc6 42. Rxe8 {[%mdl 4096] Endgame KRB-KR} a5 43. bxa5 Rxa5 44. Rg8 Ra1+ 45. Kg2 Ra2+ 46. Kg3 Kd5 47. Rxg6 Ke4 48. Rg5 Ra6 49. Bg7 Ra1 50. Kh2 Ra2+ 51. Rg2 Ra5 52. Kg3 Kf5 53. h5 Ra4 54. h6 Kg6 55. Kf3+ Kh7 56. Rb2 c6 57. Rd2 Ra7 58. Rd8 c5 59. Rb8 b4 60. c4 Kg6 61. Ke4 Rd7 62. Rb6+ Kh7 63. Rb5 Rd1 64. Rxc5 b3 65. Rb5 Rc1 66. Kd3 Rb1 67. Kc3 b2 68. Rxb2 Rc1+ 69. Kd4 Rd1+ 70. Kc5 {Accuracy: White = 69%, Black = 29%.} 1-0